000 00897nam a2200253 a 4500
001 BRCA_5863
005 20190320205237.0
008 910730s1932####enka######---#000-0#eng-#
041 _aeng
044 _aenk
050 4 _aNK7486
_b.B75 1932
100 1 _aBritten, Frederick James
_d1843-1913
_92105
245 1 0 _aOld clocks and watches and their makers
_bbeing an historical and descriptive account of the different styles of clocks and watches of the past in England and abroad
_cby F. J. Britten.
250 _a6
260 _aLondres
_bE. & F. N. Spon
_c1932
300 _aviii, 891 p.
_bil.
_c24 cm.
500 _aIncluye lista alfabética de relojes antiguos y relojeros e índice alfabético
500 _aVer también el Número de Sistema 616 (reimp. 1971)
500 _aG49
650 1 4 _aRelojes
_xHistoria
_914849
650 1 4 _aRelojeros
_92107
902 _aGFM
942 _2lcc
_cB
999 _c5552
_d5552